000 00349nam a2200133Ia 4500
008 240624s9999 xx 000 0 und d
041 _aeng
082 _a828 DSO
100 _aD SOUZA DILIP
245 _aROADRUNNER AN INDIAN QUEST IN AMERICA
260 _c2009
_aNew Delhi
_bHarperCollins
300 _axii, : 331 : p. : cm. ; 21
365 _cRS
_b25
999 _c18684
_d18684